000 00212 a2200109 4500
001 51007
040 _cAnchieta - Pituba
240 1 0 _aTalentos 2010
_l
245 1 0 _aTalentos 2010
650 4 _aMúsica
942 _cMX
999 _c51007
_d51007